Neavtonomnyje dinamičeskije sistemy

Guardado en:
Detalles Bibliográficos
Autor principal: Bronštejn, Idel Ušerovič
Formato: Libro
Lenguaje:ruso
Publicado: Kišinev Štiinca 1984
Etiquetas: Agregar Etiqueta
Sin Etiquetas, Sea el primero en etiquetar este registro!

MARC

LEADER 00000nam a2200000 4500
001 c105769
005 20041019155135.4
041 0 |a rus 
044 |a MD 
245 1 0 |a Neavtonomnyje dinamičeskije sistemy  |c Idel Ušerovič Bronštejn 
264 1 |a Kišinev  |b Štiinca  |c 1984 
300 |a 288 s. 
100 1 |a Bronštejn, Idel Ušerovič